000 00387nam a2200133Ia 4500
008 231129s2003||||xx |||||||||||||| ||spa||
020 _a958-9400-67-1
040 _bspa
082 _a617.645 ó26
245 0 _aOdontologí­a pediátrica
260 _c2003
264 _aMedellí­n: Corporación para Investigadores Biológicas
942 _2ddc
_cBKS
999 _c22056
_d22056